Fantasy Films by Picture - Statistics

General Stats
  • This quiz has been taken 138 times
  • The average score is 10 of 30
Answer Stats
Picture Answer % Correct
The Hobbit: An Unexpected Journey
87%
The Lord of the Rings: The Fellowship of the Ring
82%
Conan the Destroyer
73%
The Princess Bride
64%
Clash of the Titans
53%
Willow
51%
Hercules
50%
Prince of Persia: The Sands of Time
47%
The Scorpion King
44%
Eragon
42%
Dungeons & Dragons: Honour Among Thieves
39%
King Arthur: Legend of the Sword
39%
The Dark Crystal
38%
Masters of the Universe
35%
Beowulf
33%
Dragonheart
29%
Warcraft
28%
Jason and the Argonauts
27%
Excalibur
23%
Krull
19%
The Last Witch Hunter
19%
Legend
18%
Red Sonja
18%
Jack the Giant Slayer
16%
The Beastmaster
16%
The Green Knight
12%
The 7th Voyage of Sinbad
11%
Kull the Conquerer
6%
Immortals
5%
Solomon Kane
5%
No matching quizzes found
Score Distribution
Percent of People with Each Score
Percentile by Number Answered
Your Score History
You have not taken this quiz